গ্রীক দর্শন : (Record no. 7305)
[ view plain ]
| 000 -LEADER | |
|---|---|
| fixed length control field | 00764nam a22002297a 4500 |
| 001 - CONTROL NUMBER | |
| JCCL Control Number | 7305 |
| 003 - CONTROL NUMBER IDENTIFIER | |
| JCCL marc code | BD-JhCC |
| 005 - DATE AND TIME OF LATEST TRANSACTION | |
| control field | 20180329101528.0 |
| 008 - FIXED-LENGTH DATA ELEMENTS--GENERAL INFORMATION | |
| fixed length control field | 180207b xxu||||| |||| 00| 0 eng d |
| 035 ## - SYSTEM CONTROL NUMBER | |
| system control number | (BD-JhCC)7305 |
| 040 ## - CATALOGING SOURCE | |
| Original cataloging agency | BD-JhCC |
| Modifying agency | BD-JhCC |
| 041 ## - LANGUAGE CODE | |
| Language code of Book | eng |
| 082 ## - DEWEY DECIMAL CLASSIFICATION NUMBER | |
| Classification number | 182 |
| Author mark and Year | HAL 1975 |
| 100 ## - MAIN ENTRY--PERSONAL NAME | |
| Personal name | হালিম, মোহাম্মদ আব্দুল |
| 245 ## - TITLE STATEMENT | |
| Title | গ্রীক দর্শন : |
| Remainder of title | প্রজ্ঞা ও প্রসার / |
| Statement of responsibility, etc | মোহাম্মদ আব্দুল হালিম |
| 260 ## - PUBLICATION, DISTRIBUTION, ETC. (IMPRINT) | |
| Place of publication, distribution, etc | ঢাকা : |
| Name of publisher, distributor, etc | বাংলা একাডেমী, |
| Date of publication, distribution, etc | ১৯৭৫. |
| 300 ## - PHYSICAL DESCRIPTION | |
| Pagination | ২১৬ পৃ. : |
| Dimensions | ২২ সেমি. |
| 650 ## - SUBJECT ADDED ENTRY--TOPICAL TERM | |
| Topical term or geographic name as entry element | Philosophy |
| 650 ## - SUBJECT ADDED ENTRY--TOPICAL TERM | |
| Topical term or geographic name as entry element | Ancient |
| 942 ## - ADDED ENTRY ELEMENTS (KOHA) | |
| Source of classification or shelving scheme | Dewey Decimal Classification |
| Koha item type | Books |
| Source of classification or shelving scheme | Damaged status | Not for loan | Home library | Current library | Shelving location | Cost, normal purchase price | Total Checkouts | Full call number | Barcode | Date last seen | Copy number | Koha item type |
|---|---|---|---|---|---|---|---|---|---|---|---|---|
| Dewey Decimal Classification | JCC Rouf Library | JCC Rouf Library | General Stacks | 13.00 | 182 HAL 1975 | 8640 | 02/07/2018 | C-1 | Books |